Statistics for Anime Title Antonyms

Click here to take the quiz!

General Stats

  • This quiz has been taken 262 times
  • The average score is 5 of 16

Answer Stats

AntonymActual Anime% Correct
Defend on DwarfAttack on Titan
73%
A Vocal SilenceA Silent Voice
72%
Multiple-Kick WomanOne-Punch Man
62%
Unemployed!!Working!!
38%
Annual Deaths of Low University GirlsDaily Lives of High School Boys
31%
Hate Recorded!Love Live!
31%
Unfortunate PlanetLucky Star
30%
Sisters AgreementBrothers Conflict
29%
Your Bizarre DeathMy Ordinary Life
23%
Demon HeadFairy Tail
19%
Your Adult Platonic Tragedy OrderMy Teen Romantic Comedy SNAFU
18%
Quiet! French HornSound! Euphonium
15%
Is the Serving a Turtle?Is the Order a Rabbit?
14%
SaneBerserk
12%
Near the InlandBeyond the Boundary
8%
Master x HindranceServant x Service
6%

Score Distribution

Percentile by Number Answered

Percent of People with Each Score

Your Score History

You have not taken this quiz